01464cam a2200361 a 4500001001400000003000800014005001700022006001900039007001500058008004100073020003800114040003000152049002600182050002200208082001400230245009000244260004200334300004600376520022100422521001700643588004700660504005100707650006000758650003000818655002900848700002200877710001600899730002700915776003500942856009000977942001601067999001901083EDZ0000020801StDuBDS20161031105121.0m||||||||d||||||||cr |||||||||||110207s2011 cau fo| 001|0|eng|d a9781412994248 (ebook) :cNo price aStDuBDSbengcStDuBDSepn aAlfaisal Main Library 0aHC79.C6bE53 201104a306.322300aEncyclopedia of consumer cultureh[electronic resource] /cedited by Dale Southerton. aThousand Oaks, Calif. :bSAGE,c2011. a1 online resource (3 v. (xxxiv, 1596 p.))8 aThis title covers consuming societies around the world, from the age of enlightenment to the present, and shows how consumption has become intrinsic to the world's social, economic, political and cultural landscapes. aSpecialized. aDescription based on print version record. aIncludes bibliographical references and index. 0aConsumption (Economics)xSocial aspectsvEncyclopedias. 0aConsumersvEncyclopedias. 7aElectronic books.2local1 aSoutherton, Dale.2 aSage eBooks0 aSAGE reference online.08iPrint version :z978087289601740uhttp://ezproxy.alfaisal.edu/login?url=http://sk.sagepub.com/reference/consumerculture 2lcccEBOOKS c479656d479656